000 00388nam a22001697a 4500
003 MPLRDC
005 20220104143539.0
008 210129b ||||| |||| 00| 0 eng d
082 _a019 ZW c.2
100 _a不详
245 _a迅速读书法
_c
260 _a
_b钟文出版社
_c
300 _b
490 _a学习知识丛书
650 _a读书法
942 _cBK
_o019 ZW c.2
999 _c40980
_d40970